|
|
|
|
| LEADER |
00000nab a2200000 a 4500 |
| 001 |
vtls010640137 |
| 003 |
SK-MaSNL |
| 005 |
20260305031818.0 |
| 008 |
141202 2014 xo m 000 0 slo |
| 038 |
|
|
|a PPPK
|
| 040 |
|
|
|a PPPKCL
|b slo
|c PPPK
|e AACR2
|
| 041 |
0 |
|
|a slo
|
| 044 |
|
|
|a xo
|c SK
|
| 080 |
|
|
|a 784.4
|2 2001
|
| 080 |
|
|
|a 7.071:398
|2 2001
|
| 080 |
|
|
|a 394.1/.7
|2 2001
|
| 245 |
0 |
0 |
|a Popoludnie tradičných goralských piesní
|c [text a foto] (sib)
|
| 300 |
|
|
|b Fotogr.
|
| 610 |
2 |
7 |
|a Frankovčan (folklórny súbor)
|2 pppkcl
|9 163869
|
| 610 |
2 |
7 |
|a Osturňanka (detský folklórny súbor : Osturňa, Slovensko)
|2 pppkcl
|9 1609806
|
| 610 |
2 |
7 |
|a Maguranka (folklórny súbor)
|2 pppkcl
|9 163902
|
| 610 |
2 |
7 |
|a Pieniny (folklórny súbor)
|2 pppkcl
|9 220115
|
| 648 |
|
7 |
|a 8.6.2014
|2 pppkcl
|9 1093411
|
| 650 |
0 |
7 |
|a ľudové piesne
|2 pppkcl
|9 1941
|
| 650 |
0 |
7 |
|a folklórne súbory
|2 pppkcl
|9 28685
|
| 650 |
0 |
7 |
|a kultúrne podujatia
|2 pppkcl
|9 71676
|
| 651 |
|
7 |
|a Malá Franková (Slovensko)
|2 pppkcl
|9 54550
|
| 651 |
|
7 |
|a Kežmarok (Slovensko : okres)
|2 pppkcl
|9 51824
|
| 773 |
0 |
|
|t Zamagurské noviny : regionálny mesačník
|g Roč. III, č. 6 (2014), s. 5
|
| 852 |
|
|
|a PPPK
|b KIS3GCP
|
| 999 |
|
|
|c 3317549
|d 3319479
|